000 00686nam a2200289Ia 4500
005 20260324144115.0
008 008 260324s9999 xx 000 0 eng d
020 _a9781315866635
037 _aEBOOK
040 _aCRL
040 _beng
040 _cCRL
041 _2eng
041 _aeng
084 _qCRL
100 _aRoger Mansfield
_91218105
245 0 _aFrontiers of Management (Routledge Revivals)
245 0 _bResearch and Practice
260 _bTaylor and Francis
260 _c1989
365 _a
365 _b220
856 _uhttp://www.taylorfrancis.com/books/9781315866635
942 _cEBOOK
999 _c1824305
_d1824305